| 000 | 00872nam a22002535a 4500 | ||
|---|---|---|---|
| 005 | 20160522112310.0 | ||
| 008 | 160522s2014 nyua frb 001 0 eng d | ||
| 020 | _a9781259074493 | ||
| 020 | _a1259074498 | ||
| 040 |
_aEG-ScBUE _beng _cEG-ScBUE _dEG-ScBUE |
||
| 082 | 0 | 4 |
_222 _a616.9041 _bGRI |
| 100 | 1 |
_aGrisham, Matthew B. _940042 |
|
| 245 | 1 | 0 |
_aMicrobiology : _bPreTest self-assessment and review / _cMatthew B. Grisham ; with contributions by Robert K. Bright ... [et al.] |
| 250 | _a14 ed., International ed. | ||
| 260 |
_aNew York : _bMcGraw Hill Education Medical, _c2014. |
||
| 300 |
_axiii, 462 p. : _bill. ; _c21 cm. |
||
| 500 | _aIndex : p. 443-462. | ||
| 504 | _aBibliography : p. 441-442. | ||
| 650 | 7 |
_2BUEsh _912324 _aMedical microbiology. |
|
| 651 | _2BUEsh | ||
| 653 |
_bPPhrm _cMay2016 |
||
| 700 | 1 |
_aBright, Robert K., _econtributor. |
|
| 942 | _2ddc | ||
| 999 |
_c21788 _d21760 |
||